000 00626 a2200145 4500
005 20250602092119.0
020 _a0-7517-1603-0
082 _aLECT 657.3 AAT
111 _aAAT
245 _aTechnician unit 12: Drafting financial statements (Central Government): for assessment in December 2004 and June 2005.
260 _aLondon,
_bBPP professional education,
_c2004.
300 _axxii, 394p.: ill.; figure, picture, table.
_bIndex,
_c30cm.
856 _yAccess online book
_fTechnician unit 12: Drafting financial statements (Central Government): for assessment in December 2004 and June 2005
_dww.bpp.com
942 _2ddc
_cBKS
999 _c2973
_d2973